Windows NT 4 soluciones : (Registro nro. 1532)

Detalles MARC
000 -CABECERA
Campo de control 00898cam a2200241 a 4500
005 - FECHA Y HORA DE LA ULTIMA TRANSACCION
Campo de control 20160510090022.0
008 - ELEMENTOS DE LONGITUD FIJA—INFORMACION GENERAL
Campo de control 990516s1998 mx a r 00110 spa d
020 ## - ISBN
ISBN 9701020189
040 ## - FUENTE DE CATALOGACIÓN
Agencia catalogadora original la
Agencia transcriptora la
Agencia Modificadora CO.BoIAVH
041 1# - IDIOMA
Código de idioma de la versión original y/o traducciones intermedias del texto Inglés
Código de idioma para texto/pista de sonido o título separado Español
044 ## - PAÍS DE PUBLICACIÓN
País de publicación México
082 04 - NUMERO DE CLASIFICACION DECIMAL DEWEY
Número de clasificación 005.43
Número del ítem S71w
100 1# - ASIENTO PRINCIPAL--NOMBRE PERSONAL
Nombre personal Sosinsky, Barrie.
Término relacionado autor
9 (RLIN) 12726
245 10 - MENCION DE TITULO
Título Windows NT 4 soluciones :
Parte restante del título soporte técnico certificado /
Mención de responsabilidad Barrie Sosinsky ; traducción Oscar Peralta Rosales.
260 ## - PUBLICACION, DISTRIBUCION, ETC. (PIE DE IMPRENTA)
Lugar de publicación, distribución, etc. México :
Nombre del editor, distribuidor, etc. McGraw Hill,
Fecha de publicación, distribución, etc. 1998.
300 ## - DESCRIPCION FISICA
Extensión xv, 429 páginas :
Otros detalles físicos ilustraciones ;
Dimensiones 23 x 18 cm.
504 ## - NOTA DE BIBLIOGRAFIA, ETC.
Nota de bibliografía Incluye bibliografía e índice.
534 ## - NOTA DE VERSION ORIGINAL
Frase introductoria Título original.
Título del original Windows NT 4 answers certified support.
650 16 - ASIENTO SECUNDARIO DE MATERIA - TERMINO TEMATICO
Término temático o nombre geográfico como elemento de entrada Microsoft windows NT (Programa para computador)
9 (RLIN) 67825
650 14 - ASIENTO SECUNDARIO DE MATERIA - TERMINO TEMATICO
Término temático o nombre geográfico como elemento de entrada Programas para computador.
9 (RLIN) 60481
700 1# - ASIENTO SECUNDARIO - NOMBRE PERSONAL
Nombre personal Peralta Rosales, Oscar,
Término de relación traductor
9 (RLIN) 67826
942 ## - ELEMENTOS ADICIONALES (KOHA)
Sistema de clasificación Dewey Decimal Classification
Tipo de ítem Libro
Existencias
Withdrawn status Lost status Sistema de Clasificación Damaged status No para préstamo Colección Ubicación Permanente Ubicación actual Fecha de adquisición Fuente de Valor Total Checkouts Número topográfico Inventario / Código de Barras Date last seen Ejemplar Price effective from Forma de adquisición Tipo de material
    Dewey Decimal Classification     TIC Villa de Leyva Villa de Leyva 29/11/1999 Armenteras, Dolors   LB-005.43 S71w 005030 04/12/2012 Ej. 1 04/12/2012 Donación Libro